000 00471nam a2200181 a 4500
003 OSt
005 20150327182238.0
008 020226s1996 esp 000 1 spa d
040 _cBMC
082 _a863.9933
100 1 _aSerrano, Marcela
_932007
245 1 0 _aNosotras que nos queremos tanto
_cMarcela Serrano
250 _a15ยช ed
260 _aColombia
_bLa oveja negra
_cimp. 1996
300 _a295 p.
_c22 cm
650 2 4 _929373
_aNovela chilena
942 _2ddc
_cBK
999 _c18990
_d18990